| 000 | 01751nam0a2200361 i 4500 | ||
|---|---|---|---|
| 001 | RU\NLR\bibl\1886285 | ||
| 005 | 20260407151313.0 | ||
| 010 |
_a9785759111634 _9300 |
||
| 021 |
_aRU _b2012-17315 _91306 |
||
| 035 | _a(NLR Aleph) 001876021 | ||
| 090 |
_a2726068 _c2726068 |
||
| 100 | _a20120402d2010 k y0rusy50 ca | ||
| 101 | 0 | _arus | |
| 102 | _aRU | ||
| 105 | _aa ||||||||| | ||
| 200 | 1 |
_aРебенок в современном обществе: культура и этнос _eсборник научных трудов _fФедер. агентство по образованию, Костром. гос. ун-т им. Н.А. Некрасова _g[редкол.: Е.В. Куфтяк (отв. ред.), И.В. Тихонова] |
|
| 210 |
_aКострома _cКостромской государственный университет _d2010 |
||
| 215 |
_a157, [1] с. _cил. _d20 |
||
| 320 | _aБиблиогр. в конце ст. | ||
| 606 |
_aДети _jСборники _xНациональная идентичность _92245455 _3RU\NLR\AUTH\661347145 |
||
| 606 |
_aПодростки _jСборники _xЭтнопсихологические исследования _92556607 _3RU\NLR\AUTH\661512564 |
||
| 686 | 1 | _aС550.67я43 | |
| 686 | 1 | _aС550.325.2я43 | |
| 686 | 1 | _aЮ983.723.5я43 | |
| 702 | 1 |
_aКуфтяк _bЕ. В. _gЕлена Владимировна _4340 |
|
| 712 | 0 | 2 |
_4570 _aКостромской государственный университет им. Н. А. Некрасова _3RU\NLR\AUTH\8810026503 _9551205 |
| 801 | 0 |
_aRU _bNLR _c20120402 _gRCR |
|
| 801 | 1 |
_aRU _bNLR _c20120402 |
|
| 830 | _aРед. по кн. | ||
| 942 | _cBOOK | ||
| 980 | _aNBR | ||